Statistiques concernant Mythologie Grecque général

Cliquez ici pour prendre le quiz!

Statistiques générales

  • Ce quiz a été pris 496 fois
  • Le résultat moyen est 3 sur 8

Statistiques - réponses

HintRéponse% Correct
Passeur des âmes damnéesCharon
74%
Animal consacré à la déesse AthénaChouette
71%
Amoureuse d'OrphéeEurydice
53%
Cyclope auquel Ulysse et son équipage échappentPolyphème
51%
Soeur d'IsmèneAntigone
28%
Il confie son épée à Persée afin qu'il tue MéduseHermès
25%
Parents biologiques d'OedipeLaïos et Jocaste
10%
Element déclencheur de la guerre de TroieRapt d'Hélène
4%

Distribution des résultats

Percentile par nombre de réponses

% des personnes avec chaque résultat

Votre développement - résultats

Vous n’avez pas pris ce quiz